|
|
|
|
| LEADER |
01887nam a2200445 a 4500 |
| 001 |
EBC3004068 |
| 003 |
MiAaPQ |
| 005 |
20200520144314.0 |
| 006 |
m o d | |
| 007 |
cr cn||||||||| |
| 008 |
060526s2006 ne ab sb 001 0 eng d |
| 010 |
|
|
|z 2006047568
|
| 020 |
|
|
|z 9004151702 (pbk. : alk. paper)
|
| 020 |
|
|
|z 9789004151703 (pbk. : alk. paper)
|
| 020 |
|
|
|z 9789047409779
|
| 035 |
|
|
|a (MiAaPQ)EBC3004068
|
| 035 |
|
|
|a (Au-PeEL)EBL3004068
|
| 035 |
|
|
|a (CaPaEBR)ebr10234759
|
| 035 |
|
|
|a (CaONFJC)MIL139939
|
| 035 |
|
|
|a (OCoLC)923613024
|
| 040 |
|
|
|a MiAaPQ
|c MiAaPQ
|d MiAaPQ
|
| 043 |
|
|
|a n-cn-on
|
| 050 |
|
4 |
|a HD8039.F32
|b C275 2006
|
| 082 |
0 |
4 |
|a 338.1086/91209713
|2 22
|
| 100 |
1 |
|
|a Schryer, Frans.
|
| 245 |
1 |
0 |
|a Farming in a global economy
|h [electronic resource] :
|b a case study of Dutch immigrant farmers in Canada /
|c by Frans Schryer.
|
| 260 |
|
|
|a Leiden ;
|a Boston :
|b Brill,
|c 2006.
|
| 300 |
|
|
|a xi, 376 p. :
|b ill., maps.
|
| 490 |
1 |
|
|a International studies in sociology and social anthropology,
|x 0074-8684 ;
|v v. 101
|
| 500 |
|
|
|a Errata sheets inserted.
|
| 504 |
|
|
|a Includes bibliographical references (p. 339-341) and index.
|
| 505 |
0 |
|
|a pt. 1. Farming, culture, and migration : the Netherlands and Ontario -- pt. 2. Dutch farm immigrants after World War II -- pt. 3. The Dutch presence in Ontario agriculture.
|
| 533 |
|
|
|a Electronic reproduction. Ann Arbor, MI : ProQuest, 2015. Available via World Wide Web. Access may be limited to ProQuest affiliated libraries.
|
| 650 |
|
0 |
|a Farmers
|z Ontario.
|
| 650 |
|
0 |
|a Dutch
|z Ontario
|x Social conditions.
|
| 650 |
|
0 |
|a Agriculture
|z Ontario.
|
| 655 |
|
4 |
|a Electronic books.
|
| 710 |
2 |
|
|a ProQuest (Firm)
|
| 830 |
|
0 |
|a International studies in sociology and social anthropology ;
|v v. 101.
|
| 856 |
4 |
0 |
|u https://ebookcentral.proquest.com/lib/matrademy/detail.action?docID=3004068
|z Click to View
|